Dẫn luận nghiên cứu văn học T. 1
Các vấn đề về phân loại văn học, đặc điểm của các tác phẩm tự sự, kịch, trữ tình, về lời văn và từ ngữ; về sự phát triển của văn học, các thể loại và bản sắc dân tộc của văn học
Na minha lista:
| Autor principal: | |
|---|---|
| Outros Autores: | , , |
| Formato: | Livro |
| Idioma: | Vietnamese |
| Publicado em: |
H.
Giáo Dục
1985
|
| Assuntos: | |
| Tags: |
Adicionar Tag
Sem tags, seja o primeiro a adicionar uma tag!
|
| Thư viện lưu trữ: | Mạng thư viện Đại học Đà Nẵng |
|---|
| LEADER | 01554nam a2200385 4500 | ||
|---|---|---|---|
| 001 | 000014202 | ||
| 003 | 10561 | ||
| 005 | 20120423090404.0 | ||
| 008 | 120423s1985 viesd | ||
| 020 | |c 85000 | ||
| 041 | 0 | |a vie | |
| 082 | |a 895.922 |b PO-G | ||
| 100 | 0 | |a Pospelov, G.N. | |
| 245 | 1 | 0 | |a Dẫn luận nghiên cứu văn học |c G.N. Pospelov (ch.b), L.V. Chernets, A.I. ESalner... ; Trần Đình Sử, Lại Nguyên Ân, Lê Ngọc Trà |n T. 1 |
| 260 | |a H. |b Giáo Dục |c 1985 | ||
| 300 | |a 224tr |c 21cm | ||
| 504 | |a T. 2 | ||
| 520 | |a Các vấn đề về phân loại văn học, đặc điểm của các tác phẩm tự sự, kịch, trữ tình, về lời văn và từ ngữ; về sự phát triển của văn học, các thể loại và bản sắc dân tộc của văn học | ||
| 653 | |a Nghiên cứu văn học | ||
| 653 | |a Liên Xô | ||
| 700 | |a Trần Đình Sử |e Dịch | ||
| 700 | |a Lại Nguyên Ân |e Dịch | ||
| 700 | |a Lê Ngọc Trà |e Dịch | ||
| 773 | |t Dẫn luận nghiên cứu văn học |w 145 | ||
| 910 | |a NTK Oanh |d 14/07/2011 | ||
| OWN | |a LSP | ||
| AVA | |a UDN50 |b LSP |d 895.922 PO-G |e available |t Error 5001 Not defined in file expand_doc_bib_avail. |f 1 |g 0 |h N |i 0 |k 1 | ||
| 999 | |a From the UDN01 | ||
| AVA | |a UDN50 |b LSP |d 895.922 PO-G |e available |t Error 5001 Not defined in file expand_doc_bib_avail. |f 1 |g 0 |h N |i 0 |k 1 | ||
| TYP | |a Monograph | ||
| TYP | |a Printed language | ||
| 980 | |a Mạng thư viện Đại học Đà Nẵng | ||